| 000 | 00551nam a2200169 4500 | ||
|---|---|---|---|
| 003 | OSt | ||
| 082 |
_a631.587 _bASH/SP |
||
| 088 | _aP 618 | ||
| 100 |
_aAshitha Mariya Shaji _96224 |
||
| 245 | _aSpatio-temporal analysis of meteorological variables over India for 21st century: approach with CMIP6 climate models / | ||
| 260 |
_aTavanur : _bDepartment of Irrigation & Drainage Engineering, _c2024. |
||
| 700 |
_aHaripriya H _96225 |
||
| 700 |
_aAnusha C Rajesh _96226 |
||
| 700 |
_aAdhithya P B _96227 |
||
| 700 |
_aRema K P (Guide) _93209 |
||
| 942 | _cPR | ||
| 999 |
_c18094 _d18094 |
||